000
00286nam a2200121Ia 4500
008
190216s9999||||xx |||||||||||||| ||und||
100
_a
Publishers
245
0
_a
Rangavataranam
260
_b
Kerala Bhasha Institute
_c
1979
300
_a
561p
650
_a
Malayalam Nadakam
942
_c
BK
999
_c
26295
_d
26295